Statistiques concernant Focus sur: Bombur - Tolkien

Cliquez ici pour prendre le quiz!

Statistiques générales

  • Ce quiz a été pris 19 fois
  • Le résultat moyen est 7 sur 8

Statistiques - réponses

Informations recherchéesRéponses% Correct
EspèceNain
100%
Couleur des cheveuxRoux
100%
Ages durant lequel il vécutTroisième/Quatrième
100%
Groupe auquel il appartientCompagnie de Thorin
95%
Première apparitionLe Hobbit
95%
RoyaumeErebor
89%
FrèreBofur
68%
Acteur l'interprétant dans les filmsStephen Hunter
21%

Distribution des résultats

Percentile par nombre de réponses

% des personnes avec chaque résultat

Votre développement - résultats

Vous n’avez pas pris ce quiz